LEADER 01318nam--2200397---450- 001 990002383200203316 005 20050131133103.0 035 $a000238320 035 $aUSA01000238320 035 $a(ALEPH)000238320USA01 035 $a000238320 100 $a20050131d1985----km-y0itay0103----ba 101 0 $aita 102 $aIT 105 $a||||||||001yy 200 1 $a<> imprese edilizie$eobblighi tributari, imposte dirette, IVA, registro, INVIM, la dichiarazione dei redditi delle imprese edilizie e dei suoi allegati, i contributi assicurativi e previdenziali delle aziende edili$fCalogero Vinci, Mario Gagliardi 210 $aMilano$cIPSOA Informatica$d1985 215 $a448 p.$d24 cm 225 2 $aSocietà$v26 410 0$12001$aSocietà$v26 454 1$12001 461 1$1001-------$12001 606 0 $aImprese edili$xTributi$xLegislazione 676 $a343 700 1$aVINCI,$bCalogero$0107166 701 1$aGAGLIARDI,$bMario$0107167 801 0$aIT$bsalbc$gISBD 912 $a990002383200203316 951 $aColl. HGY 26$b18521 E.C.$cColl. HGY 959 $aBK 969 $aGIU 979 $aSIAV7$b10$c20050131$lUSA01$h1313 979 $aSIAV7$b10$c20050131$lUSA01$h1330 979 $aSIAV7$b10$c20050131$lUSA01$h1331 996 $aImprese edilizie$91064207 997 $aUNISA LEADER 03256nam 2200685 450 001 9910806256103321 005 20200520144314.0 010 $a1-5261-1208-6 010 $a1-5261-1209-4 024 7 $a10.7765/9781526112095 035 $a(CKB)3710000000853524 035 $a(EBL)4706715 035 $a(MiAaPQ)EBC4706715 035 $a(Au-PeEL)EBL4706715 035 $a(CaPaEBR)ebr11275014 035 $a(OCoLC)960165938 035 $a(DE-B1597)660618 035 $a(DE-B1597)9781526112095 035 $a(EXLCZ)993710000000853524 100 $a20161013h20132013 uy 0 101 0 $aeng 135 $aur|n|---||||| 181 $2rdacontent 182 $2rdamedia 183 $2rdacarrier 200 14$aThe Levellers $eradical political thought in the English Revolution /$fRachel Foxley 210 1$aManchester, England ;$aNew York, New York :$cManchester University Press,$d2013. 210 2$aNew York, New York :$cPalgrave Macmillan,$d[date of distribution not identified] 210 4$d2013 215 $a1 online resource (269 p.) 225 1 $aPolitics Culture and Society in Early Modern Britain 300 $aDescription based upon print version of record. 311 $a0-7190-9660-X 320 $aIncludes bibliographical references and index. 327 $aThe Levellers: Radical political thought in the English Revolution; Half Title Page ; Title Page ; Contents; Acknowledgements; Abbreviations; Note on conventions; Introduction: Levellers and historians; Chapter 1: Consent and the origins of government ; Chapter 2: The appeal to the people ; Chapter 3: The laws of England and the 'free-born Englishman'; Chapter 4: Religion, politics, and conscience ; Chapter 5: Levellers and the army: England's freedom, soldiers' rights; Chapter 6: Levellers into republicans? ; Conclusion; Bibliography; Index 330 $aThe Leveller movement of the 1640s campaigned for religious toleration and a radical remaking of politics in post-civil war England. This book, the first full-length study of the Levellers for fifty years, offers a fresh analysis of the originality and character of Leveller thought. Challenging received ideas about the Levellers as social contract theorists and Leveller thought as a mere radicalisation of parliamentarian thought, Foxley shows that the Levellers' originality lay in their subtle and unexpected combination of different strands within parliamentarianism. The book takes full accoun 410 0$aPolitics, culture, and society in early modern Britain. 606 $aLevellers 607 $aGreat Britain$xHistory$yPuritan Revolution, 1642-1660 610 $aEnglish Civil War. 610 $aEnglish revolution. 610 $aLevellers. 610 $aLilburne, John. 610 $aNew Model Army. 610 $aOverton, Richard. 610 $aWalwyn, William. 610 $aradicalism. 610 $arepublicanism. 610 $atoleration. 615 0$aLevellers. 676 $a942.062 700 $aFoxley$b Rachel$01126429 801 0$bMiAaPQ 801 1$bMiAaPQ 801 2$bMiAaPQ 906 $aBOOK 912 $a9910806256103321 996 $aThe Levellers$94091464 997 $aUNINA 999 $p$43.75$u06/22/2018$5Hist